000 06025namaa22004211i 4500
003 OSt
005 20260126114304.0
008 250827s2024 ua a|||frm||| 000 0 eng d
040 _aEG-GICUC
_bara
_cEG-GICUC
_dEG-GICUC
_erda
041 0 _aara
_bara
_beng
049 _aإيداع
082 0 4 _a305.420962
092 _a305.420962
_221
097 _aمــــاجستير
099 _aCai01.03.04.M.Sc.2024.نر.د
100 0 _a،نرمين علاء الدين محمد حسن علي نضر
_eإعداد.
245 1 0 _aدور المنظمات الحقوقية في تمكين المرأة المصرية :
_bدراسة حالة المركز المصري لحقوق المرأة 2011-2021 /
_cإعداد نرمين علاء الدين محمد حسن علي نضر؛ إشراف أ. د.مصطفى كامل السيد.
246 1 5 _aThe role of women’s rights organizations in empowering egyptian woman :
_bCase study of egyptian center for women’s rights 2021-2011 /
264 0 _c2024.
300 _a256 صفحة :
_bإيضاحيات ؛
_c25 سم. +
_eCD.
336 _atext
_2rda content
337 _aUnmediated
_2rdamedia
338 _avolume
_2rdacarrier
502 _aأطروحة (ماجستير)-جامعة القاهرة، 2024.
504 _aببليوجرافيا: صفحات 203-227.
520 _aيتمثل الإسهام الرئيس لهذه الدراسة في تحليل دور المركز المصري لحقوق المرأة في تعزيز تمكين النساء سياسياً واقتصادياً، وتقييم فعالية استراتيجياته وبرامجه في تحقيق هذا التمكين. قد سعت الدراسة إلى الإجابة على التساؤل البحثي الرئيس حول سبب تعثر تمكين المرأة المصرية سياسياً واقتصادياً على الرغم من مشاركة المرأة بدور هام في ثورة 25 يناير 2011 ومطالبتهن بالتمكين، وعلى الرغم من جهود المنظمات الحقوقية بشكل عام والمركز المصري لحقوق المرأة بشكل خاص. واستخدمت الدراسة منهج أسلوب دراسة الحالة ومنهج تحليل النظم للتعرف على العوامل المؤثرة في فعالية برامج تمكين المرأة التي ينفذها المركز المصري لحقوق المرأة، وتحليل مدى تأثير هذه البرامج والدورات على واقع النساء المستفيدات. وقامت الباحثة بدراسة ميدانية مع النساء المستفيدات من المركز المصري وإجراء مقابلات مع السادة المدراء المسؤولين عن المركز، وذلك لاستطلاع الآراء حول فعالية البرامج والدورات المُقدمة. خلصت الدراسة إلى عدد من النتائج، منها تأثير برامج ودورات المركز على النساء المستفيدات ومدى تحقيقها للأهداف المرجوة. ومع ذلك، أظهرت الدراسة وجود فجوات في تنفيذ هذه البرامج والدورات، بالإضافة إلى تحديات تعيق تحقيق نتائج فعّالة في تمكين النساء، رغم الجهود المبذولة من قبل المركز.
520 _aThe main contribution of this study lies in analyzing the role of the Egyptian Center for Women's Rights in promoting the political and economic empowerment of women, and assessing the effectiveness of its strategies and programs in achieving this empowerment. The study sought to answer the main research question regarding why the political and economic empowerment of Egyptian women has faced challenges despite their significant role in the January 25, 2011 revolution and their calls for empowerment, as well as the efforts of women’s rights organizations in general, and the Egyptian Center for Women's Rights in particular. The study employed a case study approach and systems analysis methodology to identify the factors influencing the effectiveness of the women’s empowerment programs implemented by the Egyptian Center for Women's Rights, and to analyze the impact of these programs on the actual lives of the women beneficiaries. The researcher conducted a field study with the beneficiaries of the center and held interviews with the responsible managers at the center to gather opinions on the effectiveness of the programs offered. The study concluded with several findings, including the impact of the center's programs and courses on the beneficiaries and the extent to which they achieved the desired goals. However, the study also revealed gaps in the implementation of these programs and courses, as well as challenges hindering the achievement of effective results in empowering women, despite the center's efforts. Additionally, the study highlighted the need for the development of more appropriate and inclusive strategies that better reflect the needs of the beneficiaries, and to enhance collaboration with various stakeholders in order to achieve empowerment goals more efficiently.
530 _aصدر أيضًا كقرص مدمج.
546 _aالنص بالعربية والملخص باللغة الإنجليزية والعربية.
650 7 _aالمرأة المصرية
_2qrmak
650 7 _aالمرأة
_2qrmak
_xالاحوال السياسية
653 0 _aالتمكين السياسي
_aالتمكين الاقتصادي
_aتمكين المرأة المصرية
700 0 _aمصطفى كامل السيد
_eمشرف أطروحة.
900 _b24-12-2024
_cمصطفى كامل السيد
_dناهد عز الدين
_dهدى الصدة
_Uجامعة القاهرة
_Fكلية الاقتصاد والعلوم والسياسية
_Dقسم العلوم السياسية
905 _aSara
_eAfaf
942 _2ddc
_cTH
_e21
_n0
999 _c177730